|
|
|
|
| LEADER |
00981cam a2200289 7i4500 |
| 001 |
0000006913 |
| 005 |
20230418090000.0 |
| 008 |
230418t19931993my a ### #00001may## |
| 020 |
# |
# |
|a 9789836233912
|
| 020 |
# |
# |
|a 9836233911
|
| 040 |
# |
# |
|a UMT
|b eng
|c UMT
|d Malcat
|e rda
|
| 090 |
0 |
0 |
|a QR 184
|b .F8 1984
|
| 100 |
1 |
# |
|a Fudenberg, H. Hugh
|e author
|
| 245 |
0 |
0 |
|a Imunogenetik asas
|c H. Hugh Fudenberg, J.R.L. Pink, An-Chuan Wang, G.B. Ferrara ; penterjemah Faridah Habib Shah.
|
| 264 |
# |
1 |
|a Kuala Lumpur:
|b Dewan Bahasa dan Pustaka,
|c 1993
|
| 264 |
# |
4 |
|c ♭1993
|
| 300 |
# |
# |
|a 267 pages:
|b illustrations;
|c 24 cm
|
| 336 |
# |
# |
|a text --
|2 rdacontent
|
| 337 |
# |
# |
|a unmediated --
|2 rdamedia
|
| 338 |
# |
# |
|a volume --
|2 rdacarrier
|
| 590 |
# |
# |
|a Perpustakaan Sultanah Nur Zahirah
|
| 650 |
0 |
0 |
|a Immunogenetics
|
| 700 |
1 |
# |
|a Pink, J.R.L.
|
| 700 |
1 |
# |
|a Faridah Habib Shah
|
| 700 |
1 |
# |
|a Ferrara, G.B.
|
| 700 |
1 |
# |
|a Wang, An-Chuan
|
| 999 |
|
|
|a 1000396466
|b Book
|c Open Shelf
|e KOLEKSI TERBUKA
|